| 000 | 02275nam a22001817a 4500 | ||
|---|---|---|---|
| 008 | 150430b xxu||||| |||| 00| 0 eng d | ||
| 020 | _a0406901864 | ||
| 050 | _aKJE947.L375 | ||
| 100 | _aLasok, K.P.E. | ||
| 245 |
_aLaw and institutions of the European Union. / _cK.P.E. Lasok and D. Lasok |
||
| 250 | _a7th ed. | ||
| 260 |
_aLondon: _bButterworth, _cc2001. |
||
| 300 |
_acxxxvii, 874p. _c24cm. |
||
| 500 | _aincludes index | ||
| 505 | _aContents: The Nature of the European Union and of community law: The Birth and growth of the European community -- The concept and status of the European communities and of the European Union -- External relations -- The Nature and challenge of community law -- Sources of community law -- The European council -- The European parliament -- The Commission -- The Council of the European Union -- The Court of auditors and budgetary procedures -- Ancillary community institutions -- The Court of justice and the Court of first instance -- The Relationship between community law and the municipal law of the member states: Implementation of community law in the legal systems of member states -- Enforcement of community law -- Community law in the United Kingdom -- The Law of the economy: concept and scope -- EC trade law: external market -- The Free movement of goods within the customs union -- The Free movement of workers (EC articles 39-42(ex article 48-51)) -- The Right of establishment (EC articles 43-48(ex articles 52-58) -- Freedom to provide services ( EC articles 49-55 (ex articles 59-66)) -- Social security (EC article 42 (ex article 51)) -- Freedom of movement of capital payments (EC articles 56-60 (67-73 and 104-109) -- The Law of the economy: community policies -- Economic and monetary union -- Common Agricultural and fisheries policies -- Common transport policy -- Competition: general principles -- Competition: practice contrary to article 81 ( ex article 85) -- Competition: abuse of a dominant position and mergers -- State aid ( EC articles 87-89 (ex articles 92-94)) -- Intellectual property rights -- Social policy -- The Policy for the environment -- Consumer protection -- Education and culture -- Miscellaneous policies -- Appendix: the treaty of Nice. | ||
| 700 | _aLasok, D. | ||
| 942 |
_2lcc _cBK |
||
| 999 |
_c5464 _d12964 |
||